عرض عادي
عرض مارك
- التحصيل الدراسى
مدخل مصطلح موضوعي
001 - رقم الضبط
- حقل الضبط: 34920
003 - معرف رقم الضبط
- حقل الضبط: OSt
005 - تاريخ ووقت أخر عملية
- حقل الضبط: 20130407102550.0
008 - عناصر بيانات ثابتة الطول
- حقل تحكم ثابت الطول: 130407|||a|||||| | ||| d
040 ## - مصدر الفهرسة
- هيئة الفهرسة الأصلية: OSt
- وكالة الكتابة: OSt
150 ## - مدخل-- مصطلح تاريخي
- عنصر مدخل المصطلح الموضوعي او الاسم الجغرافي: التحصيل الدراسى
- تفريع جغرافي: الرياض
670 ## - بيانات المصدر موجوده
- الاستشهاد بالمصدر: Work cat.: (OSt): اثر برنامج ارشادي جمعي نفسي مقترح لعلاج مشكلة التآخر الدراسي :, 1997
